| 000 | 00532nam a2200205Ia 4500 | ||
|---|---|---|---|
| 005 | 20140405092456.0 | ||
| 008 | 140130s9999 xx 000 0 und d | ||
| 020 | _a0439333970 | ||
| 050 |
_aPZ 8 _b.P17Ic 2002 |
||
| 100 |
_aParker, Marjorie Blain. _931138 |
||
| 245 |
_cMajorie Blain Parker. _aIce Cream Everywhere / |
||
| 260 |
_bScholastic Inc, _a2002. _cUSA : |
||
| 300 |
_a30 p. : _bill. col. ; _c18 cm. |
||
| 440 |
_v1 _931139 |
||
| 521 | _aBR | ||
| 526 | _cBR | ||
| 942 |
_cBK _2lcc |
||
| 999 |
_c41514 _d41514 |
||